| 000 | 00519nam a2200181 a 4500 | ||
|---|---|---|---|
| 001 | 000035480 | ||
| 005 | 20200930074355.0 | ||
| 008 | 111101s1979 sp 000 0 spa d | ||
| 020 | _a8425603544 | ||
| 040 |
_aDO-SdBNP _bspa _cBNPHU |
||
| 082 |
_axxxx _bC718c |
||
| 100 | 1 |
_aColomer, Alberto G. _961353 |
|
| 245 | 1 | 0 |
_aComo hacer promoción de ventas. / _cAlberto G. Colomer. |
| 260 |
_aMadrid : _bIberico Europea de ediciones, _c1979. |
||
| 300 |
_a165 p. ; _c22 cm. |
||
| 490 | 1 | _aComo...? | |
| 830 | 0 |
_aComo...? _961354 |
|
| 999 |
_c34971 _d34971 |
||